| 000 | 01495cam a2200421 4500 | ||
|---|---|---|---|
| 999 |
_c24134 _d24134 |
||
| 001 | vtls012278456 | ||
| 005 | 20260114110734.0 | ||
| 008 | 250623s2025 xo gr 010 f slo | ||
| 020 |
_a9788055198446 _q(viazané) |
||
| 040 |
_aSNK _bslo _cSNK _erda |
||
| 041 | 1 |
_aslo _hswe |
|
| 044 |
_axo _cSK |
||
| 072 | 7 |
_a821.11 _xGermánske literatúry _2konspekt |
|
| 080 |
_a821.113.6-31 _22011 |
||
| 080 |
_a(0:82-312.4) _22011 |
||
| 100 | 1 |
_aSten, Viveca, _d1959- _4aut _95362 |
|
| 240 | 1 | 0 |
_aOffermakaren _lSlovensky |
| 245 | 1 | 0 |
_aMrazivá obeť _cViveca Sten ; preložili Zuzana Inczingerová a Lenka Kočišová |
| 246 | 1 |
_iObálkový podnázov: _aTajomstvá, ktoré mali navždy ostať pochované v snehu |
|
| 264 | 1 |
_aBratislava _bIkar _c2025 |
|
| 300 |
_a493 strán _c21 cm |
||
| 336 |
_atext _btxt _2rdacontent |
||
| 337 |
_abez média _bn _2rdamedia |
||
| 338 |
_azväzok _bnc _2rdacarrier |
||
| 500 | _aPreložené zo švédštiny | ||
| 500 | _aObsahuje stručné biografické údaje o autorke na obale | ||
| 500 | _aNa obálke vzadu uvedené: Severské krimi | ||
| 500 | _aÚdaj o sérii podľa externého zdroja | ||
| 655 | 7 |
_ašvédske romány _2SNKPH _91715 |
|
| 655 | 7 |
_adetektívne romány _2SNKPH _91710 |
|
| 655 | 7 |
_aSwedish fiction _2SNKPHeng _91716 |
|
| 655 | 7 |
_aDetective novels _2SNKPHeng _91711 |
|
| 700 | 1 |
_aInczingerová, Zuzana _4trl _92536 |
|
| 700 | 1 |
_aKočišová, Lenka _4trl _92535 |
|
| 958 | _aLX | ||
| 958 | _aUP | ||